[Event "BAN-chB 48th"]
[Site "Dhaka"]
[Date "2024.06.15"]
[Round "9"]
[White "Swarnavo, Choudhury"]
[Black "Mehdi, Hasan Parag"]
[Result "1/2-1/2"]
[WhiteElo "2033"]
[BlackElo "2072"]
[PlyCount "55"]
[EventDate "2024.06.07"]
[EventType "swiss"]
[EventRounds "9"]
[EventCountry "BAN"]
[SourceTitle "EXT 2025"]
[Source "ChessBase"]
[SourceDate "2024.10.14"]
[SourceVersion "1"]
[SourceVersionDate "2024.10.14"]
[SourceQuality "1"]

1. e4 e5 2. Nf3 Nc6 3. Bb5 a6 4. Ba4 Nf6 5. 0-0 Be7 6. Re1 b5 7. Bb3 0-0 8. h3 Bb7 9. d3 d6 10. a3 Na5 11. Ba2 c5 12. Nbd2 Rb8 13. Nf1 Bc8 14. Ne3 Be6 15. Nf5 Bxf5 16. exf5 h6 17. b4 cxb4 18. axb4 Nc6 19. Rb1 Qc8 20. g4 d5 21. Nxe5 Nxb4 22. Bb3 Bd6 23. Bd2 Qc7 24. c3 Bxe5 25. cxb4 Bf4 26. Qc1 Qc5 27. Qc2 Qxc2 28. Bc1 1/2-1/2

[Event "BAN-chB 48th"]
[Site "Dhaka"]
[Date "2024.06.12"]
[Round "6"]
[White "Shawket Bin, Osman Shaon"]
[Black "Swarnavo, Choudhury"]
[Result "1/2-1/2"]
[WhiteElo "2054"]
[BlackElo "2033"]
[PlyCount "126"]
[EventDate "2024.06.07"]
[EventType "swiss"]
[EventRounds "9"]
[EventCountry "BAN"]
[SourceTitle "EXT 2025"]
[Source "ChessBase"]
[SourceDate "2024.10.14"]
[SourceVersion "1"]
[SourceVersionDate "2024.10.14"]
[SourceQuality "1"]

1. b3 Nf6 2. Bb2 d5 3. Nf3 g6 4. e3 Bg7 5. Be2 0-0 6. 0-0 c6 7. c4 a5 8. Nc3 Bg4 9. Ne5 Bxe2 10. Qxe2 Ne4 11. d3 Nxc3 12. Bxc3 f6 13. Nf3 e5 14. Rac1 Nd7 15. Qb2 Qe7 16. cxd5 cxd5 17. b4 a4 18. b5 Rfc8 19. Bb4 Qe6 20. Rxc8+ Rxc8 21. Rc1 Rxc1+ 22. Qxc1 Qb6 23. Qc8+ Nf8 24. Qe8 Qc7 25. g3 Qd7 26. Qxd7 Nxd7 27. Nd2 Kf7 28. Kf1 Ke6 29. Ke2 Bf8 30. Bxf8 Nxf8 31. Nb1 d4 32. f4 Kd5 33. fxe5 fxe5 34. Na3 Nd7 35. Nc4 Kc5 36. exd4+ Kxd4 37. Na5 b6 38. Nb7 Kc3 39. Nd6 Kb2 40. Kd2 Kxa2 41. Kc2 Ka3 42. Kc3 Ka2 43. Kb4 a3 44. Nc4 Nc5 45. Nxe5 Kb2 46. Nc4+ Kc2 47. Kxa3 Nd7 48. d4 Kc3 49. Ne5 Nf6 50. Nc6 Kc4 51. Ka4 Nd5 52. Ne5+ Kxd4 53. Nc6+ Kc5 54. Nd8 Nc3+ 55. Kb3 Nxb5 56. Ne6+ Kd5 57. Nf8 Nd4+ 58. Kb4 Ne6 59. Nxh7 Ke5 60. Kb5 Kf5 61. Kxb6 g5 62. Kc6 Nd4+ 63. Kd5 Ne2 1/2-1/2

[Event "BAN-ch rapid"]
[Site "Sheik"]
[Date "2023.02.25"]
[Round "6"]
[White "Abid, Hasan"]
[Black "Swarnavo, Choudhury"]
[Result "0-1"]
[WhiteElo "1724"]
[BlackElo "1925"]
[PlyCount "144"]
[EventDate "2023.02.25"]
[EventType "swiss (rapid)"]
[EventRounds "7"]
[EventCountry "BAN"]
[SourceTitle "EXT 2024"]
[Source "ChessBase"]
[SourceDate "2023.10.10"]
[SourceVersion "1"]
[SourceVersionDate "2023.10.10"]
[SourceQuality "1"]

1. e4 c5 2. Nf3 e6 3. Nc3 Nc6 4. Bc4 a6 5. a4 Nd4 6. d3 g6 7. h3 Bg7 8. Nh2 Ne7 9. 0-0 0-0 10. Re1 d6 11. Ng4 h5 12. Nh2 Rb8 13. Ne2 b5 14. axb5 axb5 15. Ba2 Bb7 16. Nf4 b4 17. Bc4 d5 18. exd5 Nxd5 19. Bxd5 exd5 20. c3 bxc3 21. bxc3 Nb5 22. Bd2 Nxc3 23. Qb3 Bc6 24. Qc2 d4 25. Ne2 Nxe2+ 26. Rxe2 Qd5 27. f4 Rbe8 28. Rae1 Rxe2 29. Rxe2 Bb5 30. Nf3 c4 31. Qa2 Ra8 32. Qb1 c3 33. Bc1 Rc8 34. Kh2 Ba6 35. Qc2 Qb5 36. Ne1 Re8 37. Ba3 Rxe2 38. Qxe2 Qd7 39. Qe4 Bb7 40. Qe2 Qe6 41. Qf2 Qb3 42. Bc5 Qd5 43. Ba7 Ba6 44. Qe2 Qd7 45. Bc5 Qc7 46. Bb4 Qxf4+ 47. Kh1 Qb8 48. Nc2 Bb7 49. Bc5 Qg3 50. Bxd4 Qxh3+ 51. Kg1 Bxd4+ 52. Nxd4 Qd7 53. Nc2 Ba6 54. Ne1 Qd4+ 55. Kh2 Qd6+ 56. Kg1 Bb5 57. Qe4 Qc5+ 58. d4 Qc4 59. Kh2 Ba4 60. Qa8+ Kg7 61. Qe4 Qc7+ 62. Kh1 c2 63. Nxc2 Bxc2 64. Qe1 Bf5 65. d5 Qd7 66. Qd1 Qd6 67. Qd2 f6 68. Qd4 Be6 69. Qa7+ Qd7 70. Qb8 Bxd5 71. Qb2 Qh3+ 72. Kg1 Qxg2+ 0-1

[Event "BAN-ch rapid"]
[Site "Sheik"]
[Date "2023.02.25"]
[Round "2"]
[White "Safwan Swadin, Orjan"]
[Black "Swarnavo, Choudhury"]
[Result "0-1"]
[WhiteElo "1651"]
[BlackElo "1925"]
[PlyCount "101"]
[EventDate "2023.02.25"]
[EventType "swiss (rapid)"]
[EventRounds "7"]
[EventCountry "BAN"]
[SourceTitle "EXT 2024"]
[Source "ChessBase"]
[SourceDate "2023.10.10"]
[SourceVersion "1"]
[SourceVersionDate "2023.10.10"]
[SourceQuality "1"]

1. d4 Nf6 2. c4 g6 3. Nc3 d5 4. cxd5 Nxd5 5. e4 Nxc3 6. bxc3 Bg7 7. Nf3 c5 8. Bb5+ Bd7 9. Qa4 0-0 10. Bxd7 Nxd7 11. 0-0 cxd4 12. cxd4 Nc5 13. Qc2 Rc8 14. Be3 Nd7 15. Qd2 Nb6 16. Rac1 Nc4 17. Qe2 b5 18. Rc2 Qd7 19. Rfc1 a6 20. e5 Nb6 21. g3 Rxc2 22. Rxc2 Rc8 23. Qd2 Nc4 24. Qc1 Rd8 25. Nd2 Nxe3 26. fxe3 Bh6 27. Nf1 Qe6 28. Qe1 Rb8 29. Qa5 Re8 30. Qc7 Qf5 31. Qc6 Rf8 32. Rf2 Qd3 33. Qxa6 Bxe3 34. Nxe3 Qxe3 35. Qxb5 Qxd4 36. Qb2 Qd1+ 37. Rf1 Qd5 38. Re1 Ra8 39. Re2 Qc5+ 40. Kg2 Qd5+ 41. Kg1 Qc5+ 42. Kg2 Ra3 43. Qb8+ Kg7 44. Qb2 Qd5+ 45. Kg1 Rd3 46. e6+ f6 47. Qc2 Rd1+ 48. Kf2 Rh1 49. Qe4 Qc5+ 50. Qe3 Qf5+ 51. Kg2 0-1

[Event "BAN-chT Premier"]
[Site "Dhaka"]
[Date "2022.12.07"]
[Round "8.4"]
[White "Chatterjee, Debaraj"]
[Black "Swarnavo, Choudhury"]
[Result "1-0"]
[WhiteElo "2196"]
[BlackElo "1977"]
[PlyCount "53"]
[EventDate "2022.11.30"]
[EventType "team-tourn"]
[EventRounds "11"]
[EventCountry "BAN"]
[SourceTitle "CBM 211 Extra"]
[Source "ChessBase"]
[SourceDate "2023.01.31"]
[SourceVersion "1"]
[SourceVersionDate "2023.01.31"]
[SourceQuality "1"]
[WhiteTeam "Bangladesh Biman"]
[BlackTeam "Rupali Bank Krira Parisad"]
[WhiteTeamCountry "BAN"]
[BlackTeamCountry "BAN"]

1. d4 d5 2. c4 e6 3. Nf3 Nf6 4. g3 Be7 5. Bg2 0-0 6. 0-0 c6 7. Nfd2 b6 8. Nc3 Bb7 9. e4 dxe4 10. Ndxe4 Nbd7 11. Qe2 Nxe4 12. Nxe4 Nf6 13. Be3 Nxe4 14. Bxe4 Qc7 15. c5 f5 16. Bc2 e5 17. f4 exd4 18. Bxd4 Bf6 19. Bxf6 Rxf6 20. Rfe1 Raf8 21. Qe7 Qb8 22. Rad1 Ba6 23. Rd7 Rg6 24. Bb3+ Kh8 25. Red1 Qe8 26. Qxe8 Rxe8 27. Rd8 1-0

[Event "Dhaka Chowdhury Memorial op-A 2nd"]
[Site "Dhaka"]
[Date "2022.07.02"]
[Round "1"]
[White "Nayem, Haque"]
[Black "Swarnavo, Choudhury"]
[Result "1-0"]
[WhiteElo "2184"]
[BlackElo "2019"]
[PlyCount "53"]
[EventDate "2022.07.02"]
[EventType "swiss"]
[EventRounds "8"]
[EventCountry "BAN"]
[SourceTitle "EXT 2023"]
[Source "ChessBase"]
[SourceDate "2022.10.05"]
[SourceVersion "1"]
[SourceVersionDate "2022.10.05"]
[SourceQuality "1"]

1. e4 c5 2. Nf3 e6 3. d4 cxd4 4. Nxd4 Nc6 5. Be3 Nf6 6. Qf3 a6 7. Nc3 Qc7 8. Be2 b5 9. Nxc6 dxc6 10. Qg3 Qxg3 11. hxg3 Bb7 12. f3 Be7 13. 0-0-0 c5 14. a4 b4 15. Nb1 0-0 16. Nd2 Bc6 17. Nc4 a5 18. b3 Bb7 19. Nd6 Ba6 20. Bxa6 Rxa6 21. Nc4 Rc8 22. g4 Ra7 23. Rd2 Ne8 24. Rhd1 Rcc7 25. Bf4 Rc8 26. Rd7 Rca8 27. Nb6 1-0

[Event "Dhaka Marcel op"]
[Site "Dhaka"]
[Date "2022.04.19"]
[Round "1"]
[White "Swarnavo, Choudhury"]
[Black "Mowla, Khondakar Nazre"]
[Result "1-0"]
[WhiteElo "2051"]
[BlackElo "1803"]
[PlyCount "79"]
[EventDate "2022.04.19"]
[EventType "swiss"]
[EventRounds "9"]
[EventCountry "BAN"]
[SourceTitle "EXT 2023"]
[Source "ChessBase"]
[SourceDate "2022.10.05"]
[SourceVersion "1"]
[SourceVersionDate "2022.10.05"]
[SourceQuality "1"]

1. e4 c5 2. d4 cxd4 3. c3 dxc3 4. Nxc3 Nc6 5. Nf3 d6 6. Bc4 Nf6 7. e5 dxe5 8. Qxd8+ Kxd8 9. Ng5 Be6 10. Bxe6 fxe6 11. Nf7+ Ke8 12. Nxh8 g6 13. Be3 Bg7 14. Nxg6 hxg6 15. Rd1 Nb4 16. 0-0 Nbd5 17. Rfe1 a6 18. Bg5 Nxc3 19. bxc3 Rc8 20. Rxe5 Rxc3 21. Rxe6 Rc7 22. Rb6 Nd7 23. Re6 Bf6 24. Bxf6 Nxf6 25. h3 Kf7 26. Rb6 Nd7 27. Rb3 Nc5 28. Rc3 b6 29. Rd8 Rc6 30. Rf3+ Rf6 31. Rxf6+ Kxf6 32. Rc8 e6 33. Rc6 Na4 34. Kf1 Ke5 35. Ke2 Kd5 36. Rc8 b5 37. Kd2 Nc5 38. f3 Nd7 39. Ra8 Nc5 40. Rg8 1-0

[Event "BAN-chT 1st League"]
[Site "Dhaka"]
[Date "2022.03.10"]
[Round "1.3"]
[White "Md Jamal, Uddin"]
[Black "Swarnavo, Choudhury"]
[Result "1-0"]
[WhiteElo "2082"]
[BlackElo "2008"]
[PlyCount "65"]
[EventDate "2022.03.10"]
[EventType "team-tourn"]
[EventRounds "11"]
[EventCountry "BAN"]
[SourceTitle "EXT 2023"]
[Source "ChessBase"]
[SourceDate "2022.10.05"]
[SourceVersion "1"]
[SourceVersionDate "2022.10.05"]
[SourceQuality "1"]
[WhiteTeam "Sultana Kamal Smirity Pathagar"]
[BlackTeam "Esoft Arena"]
[WhiteTeamCountry "BAN"]
[BlackTeamCountry "BAN"]

1. d4 Nf6 2. Nf3 g6 3. g3 Bg7 4. Bg2 d5 5. c4 c6 6. 0-0 0-0 7. b3 a5 8. a4 Bf5 9. Bb2 Na6 10. Nbd2 Nb4 11. Bc3 Ne4 12. Nxe4 Bxe4 13. Qd2 b6 14. Rac1 Na6 15. c5 bxc5 16. Bxa5 Qb8 17. dxc5 Qxb3 18. Nd4 Qxa4 19. e3 Bxd4 20. exd4 Bxg2 21. Kxg2 Rfb8 22. Ra1 Qb5 23. Bb6 Qb4 24. Qf4 Rc8 25. h4 Qc4 26. Rfe1 e6 27. Re3 Nb4 28. Rf3 Rxa1 29. Qxf7+ Kh8 30. Qf6+ Kg8 31. Qxe6+ Kg7 32. Rf7+ Kg8 33. Rc7+ 1-0

[Event "BAN-ch U20"]
[Site "Dhaka"]
[Date "2022.02.22"]
[Round "8"]
[White "Manon, Reja Neer"]
[Black "Swarnavo, Choudhury"]
[Result "1/2-1/2"]
[WhiteElo "2209"]
[BlackElo "1945"]
[PlyCount "159"]
[EventDate "2022.02.15"]
[EventType "swiss"]
[EventRounds "9"]
[EventCountry "BAN"]
[SourceTitle "CBM 207 Extra"]
[Source "ChessBase"]
[SourceDate "2022.05.31"]
[SourceVersion "1"]
[SourceVersionDate "2022.05.31"]
[SourceQuality "1"]

1. Nf3 Nf6 2. b3 g6 3. Bb2 Bg7 4. e3 0-0 5. c4 c6 6. Be2 d5 7. 0-0 a5 8. d3 Bf5 9. Nbd2 a4 10. Nh4 Be6 11. b4 a3 12. Bc3 Nbd7 13. Rb1 Nb6 14. Rb3 dxc4 15. dxc4 Ra4 16. Bd4 Nfd7 17. Qc1 Ne5 18. Rd1 Qc7 19. f4 Ng4 20. Bxg7 Kxg7 21. Nhf3 c5 22. bxc5 Qxc5 23. Qc3+ Kg8 24. Qd4 Nd7 25. Rxb7 Qc6 26. Rbb1 Rc8 27. Ng5 Nc5 28. h3 Nf6 29. e4 h6 30. Nxe6 Nxe6 31. Qe3 Qc5 32. Qxc5 Nxc5 33. e5 Nfe4 34. Nxe4 Nxe4 35. Rb3 Nc5 36. Rb5 Kg7 37. Kh2 Ne4 38. Rc1 Nc5 39. Kg3 Ra7 40. Kf3 f6 41. Ke3 Rd7 42. Ra5 Ne6 43. exf6+ exf6 44. Rxa3 Re8 45. Bf1 Nc5+ 46. Kf2 Rd2+ 47. Kg1 Re7 48. Ra5 Rc7 49. Rb1 Ne6 50. Rb6 Nxf4 51. Raa6 Rf7 52. a4 Rc2 53. a5 g5 54. Rd6 Re7 55. Rd1 Ne2+ 56. Kh2 h5 57. Re1 g4 58. hxg4 hxg4 59. Rxe2 Rexe2 60. Bxe2 Rxe2 61. Rc6 Kg6 62. Rc8 Kg5 63. Kg3 Re3+ 64. Kf2 Ra3 65. Rc5+ Kf4 66. g3+ Ke4 67. Rc6 Ra2+ 68. Ke1 Rxa5 69. Rxf6 Ke3 70. Kd1 Ra1+ 71. Kc2 Rg1 72. c5 Rxg3 73. c6 Rh3 74. Kc3 g3 75. Kc4 g2 76. Rg6 Kf2 77. c7 Rh8 78. Kc5 g1Q 79. Rg5 Qg3 80. Rxg3 1/2-1/2

[Event "BAN-ch U20"]
[Site "Dhaka"]
[Date "2022.02.19"]
[Round "5"]
[White "Subrota, Biswas"]
[Black "Swarnavo, Choudhury"]
[Result "1-0"]
[WhiteElo "2202"]
[BlackElo "1945"]
[PlyCount "57"]
[EventDate "2022.02.15"]
[EventType "swiss"]
[EventRounds "9"]
[EventCountry "BAN"]
[SourceTitle "CBM 207 Extra"]
[Source "ChessBase"]
[SourceDate "2022.05.31"]
[SourceVersion "1"]
[SourceVersionDate "2022.05.31"]
[SourceQuality "1"]

1. e4 c5 2. Nf3 e6 3. d4 cxd4 4. Nxd4 Nc6 5. Nc3 Qc7 6. Be3 a6 7. g4 Nxd4 8. Qxd4 b5 9. 0-0-0 Bb7 10. f3 Rc8 11. Qd2 Bb4 12. Bd4 f6 13. a3 Bxc3 14. Bxc3 d5 15. Bd3 Ne7 16. g5 e5 17. gxf6 gxf6 18. Ba5 Qd6 19. Rhg1 Kf7 20. exd5 f5 21. Bb4 Qf6 22. Bxe7 Kxe7 23. Qb4+ Kf7 24. Qb3 Rcd8 25. c4 Rd7 26. d6 Rxd6 27. cxb5+ Bd5 28. Bc4 Bxc4 29. Qxc4+ 1-0

[Event "BAN-ch U20"]
[Site "Dhaka"]
[Date "2022.02.18"]
[Round "4"]
[White "Swarnavo, Choudhury"]
[Black "Tahmidul, Haque"]
[Result "1-0"]
[WhiteElo "1945"]
[BlackElo "1756"]
[PlyCount "103"]
[EventDate "2022.02.15"]
[EventType "swiss"]
[EventRounds "9"]
[EventCountry "BAN"]
[SourceTitle "CBM 207 Extra"]
[Source "ChessBase"]
[SourceDate "2022.05.31"]
[SourceVersion "1"]
[SourceVersionDate "2022.05.31"]
[SourceQuality "1"]

1. e4 c5 2. Nf3 e6 3. d4 cxd4 4. Nxd4 Nc6 5. Nc3 Qc7 6. Be3 a6 7. Be2 Nf6 8. 0-0 Bb4 9. Na4 Be7 10. Nxc6 bxc6 11. Nb6 Rb8 12. Nxc8 Qxc8 13. e5 Nd5 14. Bd4 c5 15. c4 Nf4 16. Bc3 Nxe2+ 17. Qxe2 h5 18. f4 g6 19. Rad1 Qc6 20. Rf3 Rg8 21. Rfd3 Rb7 22. Rf3 Rb8 23. Rh3 Rb7 24. Rhd3 Ra7 25. R1d2 Rb7 26. Qf3 Qxf3 27. Rxf3 Kd8 28. g3 Kc7 29. Rfd3 Kc6 30. Ba5 Ra7 31. Rb3 d5 32. Rb6+ Kd7 33. cxd5 exd5 34. Rxd5+ Kc8 35. b3 h4 36. Rc6+ Kb8 37. Bb6 Kb7 38. Rc7+ Kxb6 39. Rxa7 Kxa7 40. Rd7+ Kb6 41. Rxe7 hxg3 42. Rxf7 gxh2+ 43. Kxh2 Kb5 44. Kg3 Kb4 45. Kf3 Ka3 46. Ke4 Kxa2 47. Rb7 a5 48. e6 g5 49. f5 g4 50. f6 g3 51. Rg7 g2 52. Rxg8 1-0

[Event "BAN-ch U20"]
[Site "Dhaka"]
[Date "2022.02.16"]
[Round "2"]
[White "Swarnavo, Choudhury"]
[Black "Safayat, Kibria Azaan"]
[Result "1-0"]
[WhiteElo "1945"]
[BlackElo "1357"]
[PlyCount "55"]
[EventDate "2022.02.15"]
[EventType "swiss"]
[EventRounds "9"]
[EventCountry "BAN"]
[SourceTitle "CBM 207 Extra"]
[Source "ChessBase"]
[SourceDate "2022.05.31"]
[SourceVersion "1"]
[SourceVersionDate "2022.05.31"]
[SourceQuality "1"]

1. d4 d5 2. Nf3 Nc6 3. Bf4 e6 4. e3 Nf6 5. Nbd2 Bd6 6. Ne5 Bd7 7. c3 0-0 8. Bd3 Ne8 9. Bg3 f5 10. f4 Nf6 11. Bh4 Qe8 12. Bxf6 Rxf6 13. g4 g6 14. h4 Bxe5 15. dxe5 Rf7 16. h5 Rg7 17. hxg6 hxg6 18. Qf3 Rh7 19. 0-0-0 Qe7 20. gxf5 gxf5 21. Rdg1+ Rg7 22. Qh5 Qf8 23. Nf3 Be8 24. Qh8+ Kf7 25. Rg4 Rg6 26. Rxg6 Qg7 27. Ng5+ Kxg6 28. Qh5# 1-0

[Event "Dhaka Al Mahmud Memorial"]
[Site "Dhaka"]
[Date "2022.02.08"]
[Round "4"]
[White "Mehdi, Hasan Parag"]
[Black "Swarnavo, Choudhury"]
[Result "1-0"]
[WhiteElo "2258"]
[BlackElo "1945"]
[PlyCount "49"]
[EventDate "2022.02.05"]
[EventType "swiss"]
[EventRounds "9"]
[EventCountry "BAN"]
[SourceTitle "CBM 206 Extra"]
[Source "ChessBase"]
[SourceDate "2022.03.31"]
[SourceVersion "1"]
[SourceVersionDate "2022.03.31"]
[SourceQuality "1"]

1. e4 c5 2. Nf3 e6 3. d4 cxd4 4. Nxd4 Nc6 5. Nc3 Qc7 6. Be3 a6 7. g4 b5 8. Nxc6 dxc6 9. Qf3 Bb7 10. 0-0-0 c5 11. Bf4 Qc6 12. g5 b4 13. Nd5 exd5 14. exd5 Qb6 15. Qg3 Be7 16. Bh3 h6 17. Rhe1 Kf8 18. Kb1 hxg5 19. Be5 Rd8 20. d6 Bf6 21. d7 Bxe5 22. Qxe5 Nf6 23. Bf5 g4 24. Qe7+ Kg8 25. Qe8+ 1-0

[Event "Dhaka Al Mahmud Memorial"]
[Site "Dhaka"]
[Date "2022.02.07"]
[Round "3"]
[White "Swarnavo, Choudhury"]
[Black "Sadnan Hasan, Dihan"]
[Result "1/2-1/2"]
[WhiteElo "1945"]
[BlackElo "2152"]
[PlyCount "45"]
[EventDate "2022.02.05"]
[EventType "swiss"]
[EventRounds "9"]
[EventCountry "BAN"]
[SourceTitle "CBM 206 Extra"]
[Source "ChessBase"]
[SourceDate "2022.03.31"]
[SourceVersion "1"]
[SourceVersionDate "2022.03.31"]
[SourceQuality "1"]

1. e4 a6 2. d4 g6 3. Nc3 b5 4. a3 Bg7 5. Be3 Bb7 6. Qd2 d6 7. f3 Nd7 8. h4 h6 9. g4 e6 10. Nge2 Ne7 11. Ng3 Rc8 12. Rd1 c5 13. Be2 Qc7 14. Kf2 Rd8 15. Rhe1 cxd4 16. Bxd4 e5 17. Be3 Nb6 18. Bxb5+ axb5 19. Nxb5 Qc6 20. Na7 Qc7 21. Nb5 Qc6 22. Na7 Qc7 23. Nb5 1/2-1/2